| 000 | 00898nam a22002777a 4500 | ||
|---|---|---|---|
| 003 | CHAP | ||
| 005 | 20220329134212.0 | ||
| 008 | 971013s r 00010 d | ||
| 010 | _a16900 | ||
| 011 | _a17872 | ||
| 035 | _a21956 | ||
| 040 | _cCHAP | ||
| 082 |
_a338.9 _bJ36 |
||
| 110 |
_aJapón. Oficina de Planeación Económica _961091 |
||
| 245 | _aNuevo plan económico a largo plazo de Japón (1961-1970); plan para duplicar el ingreso nacional | ||
| 260 |
_a(México, D.F.,), _c(s.a.) |
||
| 300 | _a210 p | ||
| 590 |
_aBATCH-UPD _b10 _c20130110 _lUCH01 _h2137 |
||
| 590 |
_aBATCH-UPD _b10 _c20130410 _lUCH01 _h1446 |
||
| 590 |
_aBATCH-UPD _b10 _c20130914 _lUCH01 _h1931 |
||
| 590 |
_aCONVERSION _b10 _c20130109 _lUCH01 _h1310 |
||
| 650 | 1 | 4 |
_aPolítica económica _xJapón. _990513 |
| 901 | _aBK | ||
| 942 | _cLIBRO | ||
| 949 |
_a338.9 J36 _bBC _cLIBRO _d33724000277687 _eLIBRO _h34733 _i21956 _mD _si |
||
| 999 |
_c16900 _d16900 |
||